NHL 2023 Draft - Statistics

General Stats
  • This quiz has been taken 5 times
  • The average score is 12 of 32
Answer Stats
Hint Answer % Correct
1st Connor Bedard
100%
7th Matvei Michkov
100%
3rd Adam Fantilli
80%
2nd Leo Carlsson
80%
8th Ryan Leonard
80%
4th Will Smith
80%
5th David Reinbacher
60%
10th Dalibor Dvorsky
40%
23rd Gabriel Perreault
40%
15th Matthew Wood
40%
9th Nate Danielson
40%
26th Quentin Musty
40%
17th Axel Sandin-Pelikka
20%
30th Bradley Nadeau
20%
14th Brayden Yager
20%
27th Calum Ritchie
20%
21st Charlie Stramel
20%
18th Colby Barlow
20%
12th Daniil But
20%
32nd David Edstrom
20%
6th Dmitry Simashev
20%
28th Easton Cowan
20%
20th Eduard Sale
20%
31st Mikhail Gulyayev
20%
22nd Oliver Bonk
20%
19th Oliver Moore
20%
25th Otto Stenberg
20%
16th Sam Honzek
20%
24th Tanner Molendyk
20%
29th Theo Lindstein
20%
11th Tom Willander
20%
13th Zach Benson
20%
No matching quizzes found
Score Distribution
Percent of People with Each Score
Percentile by Number Answered
Your Score History
You have not taken this quiz